Statistics for Turkey True or False?

Click here to take the quiz!

General Stats

  • This quiz has been taken 511 times
    (504 since last reset)
  • The average score is 9 of 15

Answer Stats

QuestionAnswer% Correct
Turkeys (the birds) are native to TurkeyFalse
86%
The capital of Turkey is IstanbulFalse
84%
There is a Turkish city called BatmanTrue
82%
Turkey is the only country to recognise the Turkish Republic of Northern CyprusTrue
80%
Turkey is a member of NATOTrue
78%
Tulips were cultivated by the Turks before the DutchTrue
70%
The first military bands were created in the Ottoman EmpireTrue
64%
Saint Nicholas, of Santa Claus fame, was from an area now part of TurkeyTrue
64%
Turkey has won the Eurovision song contestTrue
63%
Atatürk, the name given to Turkey's founder, means "Soul of the Turks"False
52%
Most residents of Istanbul live in AsiaFalse
47%
It is officially illegal to wear a fez in TurkeyTrue
42%
Turkic peoples settled in Anatolia, present day Turkey, about 3,000 years agoFalse
38%
Islam is the official religion of TurkeyFalse
36%
Camel wrestling is a sport in TurkeyTrue
30%

Score Distribution

Percentile by Number Answered

Percent of People with Each Score

Your Score History

You have not taken this quiz since the last reset